Avicii - Stories Quiz - Statistics

General Stats
  • This quiz has been taken 205 times
  • The average score is 8 of 16
Answer Stats
TRACK PEAK ARTIST SONG % Correct
1 #1 (Sweden/France) Avicii ft. Simon Aldred Waiting For Love
85%
16 (UK, Japan & Russia Edition) #2 (Sweden) Avicii ft. Nicholas "RAS" Furlong The Nights
60%
15 (Japan & Russia Edition) #1 (Sweden) Avicii ft. Robbie Williams The Days
57%
6 #4 (Sweden) Avicii ft. Zac Brown Broken Arrows
56%
12 #30 (Sweden) Avicii ft. Daniel Adams-Ray Somewhere In Stockholm
54%
10 #37 (Sweden) Avicii ft. Gavin DeGraw Sunset Jesus
54%
5 #5 (Sweden) Avicii ft. Alex Ebert For A Better Day
50%
9 #19 (Sweden) Avicii ft. Earl St. Clair & Kristoffer Fogelmark Pure Grinding
50%
13 #33 (Sweden) Avicii ft. Wayne Hector Trouble
46%
8 #66 (Sweden) Avicii ft. Noonie Bao City Lights
44%
4 #45 (Sweden) Avicii ft. Zak Abel Ten More Days
44%
7 #50 (U.S. HD/E) Avicii ft. Chris Martin True Believer
42%
14 #3 (Sweden) Avicii ft. Alessandro Cavazza Gonna Love Ya
41%
2 #43 (Sweden) Avicii ft. Sterling Fox Talk To Myself
41%
3 #69 (Sweden) Avicii ft. Celeste Waite Touch Me
37%
11 #55 (Sweden) Avicii ft. Matisyahu & Wyclef Jean Can't Catch Me
36%
No matching quizzes found
Score Distribution
Percent of People with Each Score
Percentile by Number Answered
Your Score History
You have not taken this quiz